000 02515cam a2200613 i 4500
001 xx004947150
003 NUKAT
005 20260424124100.0
008 200916s2020 pl a |001 0dpol c
020 _a9788380989863
_q(oprawa twarda) :
_czł 39,00
020 _z9788380989833
_q(oprawa twarda) :
_czł 39,00
035 _a(OCoLC)1199649061
035 _a(NUKAT)xx004947150
040 _aKAT U/DL
_bpol
_erda
_cKAT U/DLs
_dKAT U/MP
_dKAT U/DL
_dWR O/KP
_dOLSZT 008/bak
045 2 _bd1942
_bd1951
046 _k2020
100 1 _aBalbus, Tomasz
_d(1970- ).
_eAutor
_914767
245 1 0 _aSzczerbcowa brygada w fotografii i relacjach /
_cTomasz Balbus.
260 _aWarszawa :
_bInstytut Pamięci Narodowej,
_c2020.
300 _a167, [1] strona :
_bilustracje ;
_c30 cm.
336 _aTekst
_btxt
_2rdacontent
337 _aBez urządzenia pośredniczącego
_bn
_2rdamedia
338 _aWolumin
_bnc
_2rdacarrier
380 _aAlbumy i książki artystyczne
380 _aKsiążki
380 _aLiteratura faktu, eseje, publicystyka
386 _mPrzynależność kulturowa
_aLiteratura polska
388 1 _a2001-
500 _aPublikacja przygotowana w ramach prac naukowo badawczych Archiwum Instytutu Pamięci Narodowej.
504 _aBibliografia na stronie 164. Indeks.
600 1 7 _aFróg, Gracjan
_d(1911-1951)
_2DBN
_940469
600 1 7 _aFróg, Gracjan
_d(1912-1951).
_2kaba
_940470
610 2 7 _a3 Brygada Wileńska (Armia Krajowa)
_2DBN
_939416
610 1 7 _aPolska.
_bArmia Krajowa.
_b3 Brygada "Szczerbca"
_vfotografie.
_2kaba
_940471
610 1 7 _aPolska.
_bArmia Krajowa.
_b3 Brygada "Szczerbca"
_vrelacje osobiste.
_2kaba
_940472
648 7 _a1901-2000
_2DBN
_934996
648 7 _a1939-1945
_2DBN
_936042
648 7 _a1945-1989
_2DBN
_936043
650 7 _aPodziemie polityczne i zbrojne (1944-1956)
_2DBN
_937255
650 7 _aPrześladowania polityczne
_2DBN
_936911
650 7 _aRuch oporu
_2DBN
_935814
650 7 _aSłużba bezpieczeństwa
_2DBN
_936912
651 7 _aWilno (Litwa ; okolice)
_2DBN
_935579
655 7 _aAlbum
_2DBN
_935390
655 7 _aAntologia
_2DBN
_934961
655 7 _aPamiętniki i wspomnienia
_2DBN
_935005
658 _aBezpieczeństwo i wojskowość
658 _aHistoria
710 2 _aInstytut Pamięci Narodowej - Komisja Ścigania Zbrodni przeciwko Narodowi Polskiemu.
_eWydawca
_4pbl
_911792
920 _a978-83-8098-986-3 (oprawa twarda) : zł 39,00
942 _2ddc
_cBK_NM
999 _c27747
_d27747